|
|
|
|
| LEADER |
00704nam a2200205 a 4500 |
| 001 |
c000113578 |
| 003 |
CARM |
| 005 |
19991213140209.0 |
| 008 |
901031s1969 enk 000 1 eng d |
| 019 |
1 |
|
|a 7574139
|5 LACONCORD2021
|
| 020 |
|
|
|a 0709111037
|
| 035 |
|
|
|a (OCoLC)30279910
|5 LACONCORD2021
|
| 040 |
|
|
|a NUMR
|b eng
|c NUMR
|
| 100 |
1 |
|
|a Bridger, Adam.
|
| 245 |
1 |
0 |
|a Renegade Range /
|c by Adam Bridger.
|
| 260 |
|
|
|a London :
|b Hale,
|c 1969.
|
| 300 |
|
|
|a 158 p. ;
|c 19 cm.
|
| 852 |
8 |
|
|b CARM
|h A2:AH28H0
|i A02629
|p 0164873
|f BK
|
| 999 |
f |
f |
|i 54542402-3637-50a8-9372-20b5d36fbbc5
|s 9620d5be-0ced-54f1-a11e-30bdc63e2078
|
| 952 |
f |
f |
|p Can circulate
|a CAVAL
|b CAVAL
|c CAVAL
|d CARM 1 Store
|e A02629
|f A2:AH28H0
|h Other scheme
|i book
|m 0164873
|